[Event "OMA-chT"]
[Site "Muscat"]
[Date "2019.07.11"]
[Round "4.1"]
[White "Mortel, Marlon"]
[Black "Al Jabri, Rashid"]
[Result "1-0"]
[WhiteElo "2115"]
[BlackElo "1662"]
[PlyCount "67"]
[EventDate "2019.07.09"]
[EventType "team-swiss"]
[EventRounds "9"]
[EventCountry "OMN"]
[SourceTitle "EXT 2020"]
[Source "ChessBase"]
[SourceDate "2019.10.17"]
[SourceVersion "1"]
[SourceVersionDate "2019.10.17"]
[SourceQuality "1"]
[WhiteTeam "Samail"]
[BlackTeam "Majees"]
[WhiteTeamCountry "OMN"]
[BlackTeamCountry "OMN"]

1. d4 d5 2. Bf4 Bf5 3. e3 e6 4. c4 Bxb1 5. Qa4+ Nc6 6. Rxb1 Bb4+ 7. Kd1 dxc4 8. Bxc4 Nge7 9. Nf3 0-0 10. Ke2 Ng6 11. Bg3 Bd6 12. Qb5 Qd7 13. Rhd1 a6 14. Qh5 b5 15. Bb3 Na5 16. Bc2 Qc6 17. Rbc1 Qd5 18. Qxd5 exd5 19. Bxd6 cxd6 20. Bf5 Ne7 21. Bh3 Ra7 22. b3 g6 23. g3 Kg7 24. Nd2 f5 25. Bg2 Rb7 26. Rc2 Kf6 27. Rdc1 Ke6 28. Nf3 h6 29. Ne1 Rd8 30. Nd3 g5 31. Nb4 Rb6 32. h4 Rg8 33. Rc7 Nb7 34. Rxe7+ 1-0